Gama 3: guía didáctica

Сохранить в:
Библиографические подробности
Главные авторы: Carbajo Martínez, Concepción (Автор), Giménez López, Gloria (Автор), Lacárcel Moreno, Josefa (Автор), Marín Baldo Arenas, Luisa (Автор)
Формат:
Язык:испанский
Опубликовано: Madrid Bruño 1993
Предметы:
Метки: Добавить метку
Нет меток, Требуется 1-ая метка записи!

MARC

LEADER 00000nam a2200000 a 4500
001 UCP5257
003 CL-VaPUC
008 990903e19930000SP |||||||||||||||||spa|d
082 0 4 |a 372.5  |b CAR  |2 21 
100 0 |a Carbajo Martínez, Concepción  |e author  |9 433546 
700 |a Giménez López, Gloria  |e author  |9 433547 
700 |a Lacárcel Moreno, Josefa  |e author  |9 542986 
700 0 |a Marín Baldo Arenas, Luisa  |e author  |9 433549 
245 1 0 |a Gama 3: guía didáctica 
300 |a 159 p 
942 |c BK 
945 |d 19990903 00:00:00  |a cmena 
260 |a Madrid  |b Bruño  |c 1993 
650 0 |a Educación básica   |9 224933 
650 0 |a Aptitud creadora  |9 307292 
650 0 |a Educación artística  |9 269035 
583 |a last modification  |c 20170828 12:15:08  |k Rodrigo Vera 
999 |c 283030  |d 283028 
952 |0 0  |1 0  |4 0  |6 372_500000000000000_CAR_1993  |7 0  |8 A  |9 325770  |a BIBEDU  |b BIBEDU  |d 2019-11-20  |i 3540855  |o 372.5 CAR 1993  |p 3540855  |r 2019-11-20  |w 2019-11-20  |y BK  |k BME